00750nam a2200205 a 450000100100000000500170001000800410002702000150006804000250008304100390010808200130014710000190016024000670017924500690024625000110031526000470032630000210037353400760039450000740047000002497220200930023501.0110201s1979 mx r 000 0 spa d a9682300282 aDO-SdBNPbspacBNPHU17aspahfre2Código de idiomas MARC ann*bnn*1 aLowy, Michael.13aLa théorie de la révolution chez le jeune marx.lEspañol13aLa teoría de la revolución en el joven Marx /cMichael Lowy. a6a ed. aMéxico, D. F. :bSiglo Veintiuno,c1979. a313 p. ;c20 cm. aTítulo original :tLa théorie de la révolution chez le jeune marx aIncluye referencias bibliográficas y notas al pie de las páginas.